00418nam a22001337a 4500003000400000008004100004082002000045100001900065245012600084260003200210300001000242502001500252650001700267OSt260424b |||||||| |||| 00| 0 eng d a635.93328bL14S aLalduhawma, K. aStudies on The Effect of Plant Growth Reguators on Fruit Drop, Development and Quality of Litchi (Litchi chinensis Sonn.) aPusa, SamastipurbRAUc1987 a103P. bMsc.d1987 aHorticulture